000 01371nab a22002657a 4500
999 _c5313
_d5313
003 OSt
005 20250218120525.0
008 190603e xxum|||| |||| 00| 0 spa d
040 _cPJ-TDF
100 _94640
_aMuñiz, Carlos
245 1 3 _aRealidades, anomalías y ficciones del consentimiento médico informado en Argentina /
_cCarlos Muñiz.
260 _cCiudad Autónoma de Buenos Aires :
_aThomson Reuters La Ley,
_b2024.
300 _ap. 19-29
500 _aCita: TR LALEY AR/DOC/1986/2024. Publicado en: R.C.C. y C. 2024 (Septiembre-Octubre). EDICIÓN ESPECIAL: XXIX Jornadas Nacionales de Derecho Civil.
505 _aSumario: I. Introducción.— II. Consentimiento informado: breve definición y características esenciales según la normativa argentina. Cuestiones problemáticas.— III. Conclusiones.
505 _t¿Te interesa el texto completo? Solicitalo al correo: koha@justierradelfuego.gov.ar
650 0 _93271
_aPERSONAS CON DISCAPACIDAD
650 0 _91253
_aDERECHO A LA SALUD
650 0 _91270
_aDERECHOS DEL PACIENTE
650 0 _94273
_aCONSENTIMIENTO INFORMADO
650 0 _93713
_aRESPONSABILIDAD MÉDICA
650 0 _93951
_aDEBER DE INFORMACIÓN
773 0 _02713
_93170
_dCiudad Autónoma de Buenos Aires : Thomson Reuters La Ley, 2015-
_tRevista Código Civil y Comercial. Nº 5 - Septiembre-Octubre 2024
942 _2udc
_cANA